Big Ten Team Mascots - Statistics

General Stats
  • This quiz has been taken 16 times
  • The average score is 16 of 18
Answer Stats
Team Mascot % Correct
Wisconsin Badgers
100%
Nebraska Cornhuskers
100%
USC Trojans
100%
Purdue Boilermakers
92%
UCLA Bruins
92%
Ohio State Buckeyes
92%
Oregon Ducks
92%
Minnesota Golden Gophers
92%
Iowa Hawkeyes
92%
Washington Huskies
92%
Penn State Nittany Lions
92%
Rutgers Scarlet Knights
92%
Michigan State Spartans
92%
Michigan Wolverines
92%
Illinois Fighting Illini
83%
Indiana Hoosiers
83%
Maryland Terrapins
83%
Northwestern Wildcats
75%
No matching quizzes found
Score Distribution
Percent of People with Each Score
Percentile by Number Answered
Your Score History
You have not taken this quiz